| 000 | 01293cam a2200361 a 4500 | ||
|---|---|---|---|
| 001 | 16848404 | ||
| 005 | 20180608143356.0 | ||
| 008 | 110629s2011 enka b 000 0 eng c | ||
| 010 | _a 2010681085 | ||
| 016 | 7 |
_a101559173 _2DNLM |
|
| 035 | _a(OCoLC)ocn697774487 | ||
| 040 |
_aNLM _cNLM _dYDXCP _dBWK _dCDX _dDLC |
||
| 042 | _apcc | ||
| 050 | 0 | 0 |
_aRA643.86.B55 _bF35 2011 |
| 060 | 0 | 0 | _a2011 E-108 |
| 060 | 1 | 0 | _aWC 503.6 |
| 245 | 0 | 4 |
_aThe faith sector : _bkey HIV messages for mainstreaming / |
| 260 |
_aNewcastle upon Tyne : _bCambridge Scholars Pub., _c2011. |
||
| 300 |
_a44 p. : _bill. ; _c18 cm. |
||
| 504 | _aIncludes bibliographical references. | ||
| 650 | 0 |
_aAIDS (Disease) _zBotswana _xPrevention _xReligious aspects. |
|
| 650 | 0 |
_aHIV Infections _zBotswana _xPrevention _xReligious aspects. |
|
| 650 | 1 | 2 |
_aHIV Infections _xprevention & control _zBotswana. |
| 650 | 2 | 2 |
_aAcquired Immunodeficiency Syndrome _xprevention & control _zBotswana. |
| 650 | 2 | 2 |
_aFaith Healing _zBotswana. |
| 650 | 2 | 2 |
_aReligion and Medicine _zBotswana. |
| 700 | 1 | _aTogarasei, Lovemore. | |
| 700 | 1 | _aMmolai, Sana. | |
| 700 | 1 |
_aNkomazana, F. _q(Fidelis) |
|
| 906 |
_a7 _bcbc _cpccadap _d2 _encip _f20 _gy-gencatlg |
||
| 942 |
_2lcc _cBK |
||
| 999 |
_c53047 _d53047 |
||